000 00219 a2200097 4500
001 15005
100 _aHillary E
245 _aHigh in the thin cold air
260 _aLondon
_bHodder sloughton
_c
090 _c11760
_d11760
942 _aNUST-CAE
_cM
_c1959
999 _c250078
_d250078